| 000 | 01329cam a22003614a 4500 | ||
|---|---|---|---|
| 001 | 16647267 | ||
| 003 | OSt | ||
| 005 | 20180116192414.0 | ||
| 008 | 110210s2010 enkae b 001 0 eng | ||
| 010 | _a 2010537608 | ||
| 015 |
_aGBB005210 _2bnb |
||
| 016 | 7 |
_a015463030 _2Uk |
|
| 020 | _a9781856696593 (pbk.) | ||
| 020 | _a1856696596 (pbk.) | ||
| 035 | _a(OCoLC)ocn499091808 | ||
| 040 |
_aUKM _cUKM _dBWKUK _dBWK _dYDXCP _dCDX _dDLC |
||
| 042 | _alccopycat | ||
| 050 | 0 | 0 |
_aNA2705 _b.W44 2010b |
| 082 | 0 | 4 |
_a724.60285 _222 |
| 100 | 1 |
_aWeston, Richard, _d1953- _96365 |
|
| 245 | 1 | 0 |
_aKey buildings of the 20th century : _bplans, sections and elevations / _cRichard Weston. |
| 250 | _a2nd ed. | ||
| 260 |
_aLondon : _bLaurence King, _c2010. |
||
| 300 |
_a249 p. : _bill. (some col.), plans ; _c29 cm. + _e1 CD-ROM |
||
| 504 | _aIncludes bibliographical references and index. | ||
| 650 | 0 |
_aArchitectural drawing _y20th century _xComputer-aided design. _96366 |
|
| 650 | 0 |
_aArchitecture, Modern _y20th century _vDesigns and plans. _96367 |
|
| 906 |
_a7 _bcbc _ccopycat _d2 _encip _f20 _gy-gencatlg |
||
| 942 |
_2ddc _cBK |
||
| 999 |
_c353654 _d353654 |
||